Differential Forms With Applications to the Physical Sciences (Record no. 530955)

000 -LEADER
fixed length control field 00375nam a2200133Ia 4500
008 - FIXED-LENGTH DATA ELEMENTS--GENERAL INFORMATION
fixed length control field 191014s9999 xx 000 0 und d
020 ## - INTERNATIONAL STANDARD BOOK NUMBER
International Standard Book Number LC 63-20569
082 ## - DEWEY DECIMAL CLASSIFICATION NUMBER
Classification number 515.37
Author Mark FLA
100 ## - MAIN ENTRY--PERSONAL NAME
Personal name Harley Flanders
9 (RLIN) 20377
245 #0 - TITLE STATEMENT
Title Differential Forms With Applications to the Physical Sciences
260 ## - PUBLICATION, DISTRIBUTION, ETC.
Place of publication, distribution, etc. London
Name of publisher, distributor, etc. Academic Press
Date of publication, distribution, etc. 1963
300 ## - PHYSICAL DESCRIPTION
Extent Xiii,203
942 ## - ADDED ENTRY ELEMENTS (KOHA)
Koha item type Book
Holdings
Withdrawn status Lost status Damaged status Not for loan Permanent Location Current Location Date acquired Source of acquisition Cost, normal purchase price Total Checkouts Full call number Barcode Date last seen Date last checked out Price effective from Koha item type
        School of Natural Sciences (SNS) School of Natural Sciences (SNS) 10/15/2019 Donation 0.00 1 515.37FLA SNS0002732 01/16/2023 12/22/2022 10/15/2019 Book
© 2023 Central Library, National University of Sciences and Technology. All Rights Reserved.